| 000 | 00583nam a2200193Ia 4500 | ||
|---|---|---|---|
| 005 | 20260120124535.0 | ||
| 008 | 008 260114s9999 xx 000 0 eng d | ||
| 020 | _a9781783505678 | ||
| 037 | _aEBOOK | ||
| 040 |
_aCRL _beng _cCRL |
||
| 041 |
_aeng _2eng |
||
| 084 | _qCRL | ||
| 245 | 0 | _aEconomic Well-Being and Inequality: Papers from the Fifth ECINEQ Meeting | |
| 260 |
_bEmerald Publishing _c2014 |
||
| 700 |
_aJohn Bishop _9907562 |
||
| 856 | _uhttps://www.emerald.com/insight/publication/doi/10.1108/S1049-2585201422 | ||
| 942 | _cEBOOK | ||
| 999 |
_c1499411 _d1499411 |
||